000 00914nam0a22002291 4500
001 rc\4047278
005 20260406134355.0
035 _a(NLR Aleph) 007958108
090 _a8382151
_c8382151
100 _a20130415a19489999|||y0rusy50 ca
101 0 _arus
102 _aRU
105 _ay z |||||
200 1 _aНаучные записки
_eТ. 1-
_fМ-во высш. образ. СССР. Львов. с.-х. ин-т
210 _aЛьвов
_cБ. и.
_d1948-
710 0 2 _aЛьвовский сельскохозяйственный институт
_3RU\NLR\AUTH\889917422
_9331014
801 0 _aRU
_bNLR
_gpsbo
801 1 _aRU
_bELAR
_2rusmarc
830 _aПеречень имеющихся в библиотеке томов, номеров, годов этого издания смотри в каталоге периодических изданий
852 _aNLR
_jП13/396
942 _cBOOK
980 _aNB